Dairy's gone sour (Record no. 70804)

MARC details
000 -LEADER
fixed length control field 00869cam a2200217 4500
001 - CONTROL NUMBER
control field WB3827-20
008 - FIXED-LENGTH DATA ELEMENTS--GENERAL INFORMATION
fixed length control field 020724n2002 000 0 eng u
035 ## - SYSTEM CONTROL NUMBER
System control number (Sirsi) u119024
245 ## - TITLE STATEMENT
Title Dairy's gone sour
260 ## - PUBLICATION, DISTRIBUTION, ETC.
Date of publication, distribution, etc. 2002
490 ## - SERIES STATEMENT
Series statement RICS Press Release
Volume/sequential designation (pr095) 23 July 2002, (1)
520 ## - SUMMARY, ETC.
Summary, etc. The 80% drop in profit could drive farmers away from dairy farming, leading to milk coming from as far away as mainland Europe. All farm types are declining but dairy farming has been hit worst, caused by the shortage of dairy cows after the FMD mass cull.
590 ## - LOCAL NOTE (RLIN)
Local note WB
650 ## - SUBJECT ADDED ENTRY--TOPICAL TERM
Topical term or geographic name entry element DAIRY FARMING
650 ## - SUBJECT ADDED ENTRY--TOPICAL TERM
Topical term or geographic name entry element PROFITABILITY
650 ## - SUBJECT ADDED ENTRY--TOPICAL TERM
Topical term or geographic name entry element MILK PRODUCTION
650 ## - SUBJECT ADDED ENTRY--TOPICAL TERM
Topical term or geographic name entry element MILK PRODUCTS
690 ## - LOCAL SUBJECT ADDED ENTRY--TOPICAL TERM (OCLC, RLIN)
Topical term or geographic name as entry element RURAL-AGRICULTURE AND FORESTRY
856 ## - ELECTRONIC LOCATION AND ACCESS
Host name http://www.rics.org/ricscms/bin/show?class=PressRelease&template=/includes/showpr.html&id=783
942 ## - ADDED ENTRY ELEMENTS (KOHA)
Suppress in OPAC 0
Holdings
Withdrawn status Lost status Source of classification or shelving scheme Damaged status Not for loan Home library Current library Shelving location Date acquired Total Checkouts Full call number Barcode Date last seen Copy number Price effective from Koha item type
    Dewey Decimal Classification     London London News article 24/07/2002   WB3827-20 119024-1001 06/08/2019 1 06/08/2019 News article